03545nam a2200421 a 450000100060000000300090000600800410001502000120005604000280006808200210009610000370011724500560015426000860021030000260029650000780032250502240040059000200062465000450064465000190068965000480070865000520075694200120080899900170082095201660083795201660100395201660116995201660133595201640150195201390166595201630180495201670196795201660213495201660230095201660246695201640263295201640279695201630296012080CO-ViMGA141112s2004 ck r 000 u spa d a9567967 aCO-ViMGAbspacCO-ViMGA04aFr918.61562 G1721 aGarcia Bustamante, Miguel91708510aUn pueblo de frontera : bVillavicencio 1840 - 1940 aVillavicencio, cFondo Mixto de Promocion de Cultura y las Artes del Meta, c1997 a191 p., mapas, tablas aEn : Un Pueblo de Frontera : Villavicencio 1840 - 1940; Fr 918.61562 G172 aAntecedentes y fundación de Villavicencio Vias de comunicación terrestres y aereas Desarrollo económico de Villavicencio Crecimiento Urbano y vida cotidiana Lista de tablas y gráficos sobre economía - historia aEjemplares : 1014aDESARROLLO URBANO - VILLAVICENCIO91708614aFONDO REGIONAL14aVILLAVICENCIO - HISTORIA 1840 - 194091708714aVILLAVICENCIO - VIDA SOCIAL Y COSTUMBRES917088 2ddccBK c11423d11423 00102ddc40708LOCALaMEVIGACOMbMEVIGACOMcLOCALd2025-08-19hVolumen. 1 | 11/jun/2009l0oFr918.61562 G172p08106r2017-07-27 00:00:00tEj. 1w2015-12-04yBK 00102ddc40708LOCALaMEVIGACOMbMEVIGACOMcLOCALd2025-08-19hVolumen. 1 | 11/jun/2009l0oFr918.61562 G172p08108r2017-07-27 00:00:00tEj. 1w2015-12-04yBK 00102ddc40708LOCALaMEVIGACOMbMEVIGACOMcLOCALd2025-08-19hVolumen. 1 | 11/jun/2009l0oFr918.61562 G172p08105r2017-07-27 00:00:00tEj. 1w2015-12-04yBK 00102ddc40708LOCALaMEVIGACOMbMEVIGACOMcLOCALd2025-08-19hVolumen. 1 | 11/jun/2009l0oFr918.61562 G172p08107r2017-07-27 00:00:00tEj. 1w2015-12-04yBK 01102ddc44708LOCALaMEVIECARbMEVIECARcLOCALd2025-08-19hVolumen. 1 | 11/jun/2009l0oFr918.61562 G172p12080r2015-12-04 00:00:00tEj. 1w2015-12-04yBK 00102ddc40708LOCALaMECUMARAbMECUMARAcLOCALd2025-08-19l0oFr918.61562 G172pCUM1451r2024-08-02 10:56:37tEj.1w2024-08-02yBK 001040708FPatrimaMEVIGERRbMEVIGERRcLOCALd2025-08-19oFr918.61562 G172 | 986.1562 G216pECA8996r2024-11-26 09:28:41tEj.3w2024-11-26yBKz8449 | 11861 001040708001aMEVIGERRbMEVIGERRcLOCALd2025-08-19hVol.1oFr918.61562 G172 | 986.1562 G216pECA11497r2024-11-26 09:28:41tEj.1w2024-11-26yBKz8449 | 11856 001040708001aMEVIGERRbMEVIGERRcLOCALd2025-08-19hVol.1oFr918.61562 G172 | 986.1562 G216pECA8994r2024-11-26 09:28:41tEj.1w2024-11-26yBKz8449 | 11859 001040708001aMEVIGERRbMEVIGERRcLOCALd2025-08-19hVol.1oFr918.61562 G172 | 986.1562 G216pECA8995r2024-11-26 09:28:41tEj.1w2024-11-26yBKz8449 | 11860 001040708001aMEVIGERRbMEVIGERRcLOCALd2025-08-19hVol.1oFr918.61562 G172 | 986.1562 G216pECA8997r2024-11-26 09:28:41tEj.1w2024-11-26yBKz8449 | 11862 001040708FPatrimaMEVIGERRbMEVIGERRcLOCALd2025-08-19oFr918.61562 G172 | 986.1562 G216pECA11496r2024-11-26 09:28:41tEj.4w2024-11-26yBKz8449 | 11855 001040708FPatrimaMEVIGERRbMEVIGERRcLOCALd2025-08-19oFr918.61562 G172 | 986.1562 G216pECA11498r2024-11-26 09:28:41tEj.2w2024-11-26yBKz8449 | 11857 001040708FPatrimaMEVIGERRbMEVIGERRcLOCALd2025-08-19oFr918.61562 G172 | 986.1562 G216pECA8993r2024-11-26 09:28:41tEj.1w2024-11-26yBKz8449 | 11858